| 000 | 00674cam a2200205 i 4500 | ||
|---|---|---|---|
| 005 | 20260208124657.0 | ||
| 008 | 250721s2005 su gr 000 f ara d | ||
| 082 | 1 | 4 |
_a214.3 _bش ا د |
| 100 | 1 |
_aالشادي، صالح _eمؤلف. |
|
| 245 | 1 | 2 |
_aالجن عالم آخر : _bرؤية إسلامية / _cصالح الشادي. |
| 250 | _aالطبعة الأولى. | ||
| 264 | 3 | 1 |
_aجدة : _bصالح الشادي، _c2005. |
| 300 | _a142 صفحة. | ||
| 490 | 0 |
_aسلطة إبليس ؛ _vرقم 4. |
|
| 650 | 1 | 7 | _aالعقيدة الدينية. |
| 650 | 1 | 7 | _aالجن. |
| 830 | 0 | _aسلطة ابليس. | |
| 942 |
_2ddc _cBK |
||
| 999 |
_c96611 _d96611 |
||